<?xml version="1.0" encoding="UTF-8"?>
<collection xmlns="http://www.loc.gov/MARC21/slim">
  <record>
    <leader>00000nam  2200000   4500</leader>
    <controlfield tag="001">INLIS000000000020491</controlfield>
    <controlfield tag="005">20250703093410</controlfield>
    <datafield tag="035" ind1="#" ind2="#">
      <subfield code="a">0010-0725000021</subfield>
    </datafield>
    <controlfield tag="007">ta</controlfield>
    <controlfield tag="008">250703################|##########|#|##</controlfield>
    <datafield tag="084" ind1="#" ind2="#">
      <subfield code="a">R 155 PKN II 2023</subfield>
    </datafield>
    <datafield tag="100" ind1=" " ind2="#">
      <subfield code="a">Yunita Indrawati</subfield>
    </datafield>
    <datafield tag="245" ind1="1" ind2="#">
      <subfield code="a">Optimalisasi Kinerja Pengawas Pemerintah Melalui Penerapan Manajemen Risiko dan Penguatan Mitigasi Risiko Pemerintah Kota Jambi /</subfield>
      <subfield code="c">Yunita Indrawati</subfield>
    </datafield>
    <datafield tag="260" ind1="#" ind2="#">
      <subfield code="a">Jakarta :</subfield>
      <subfield code="b">Pusbangkom Pimnas dan Manajerial ASN,</subfield>
      <subfield code="c">2023</subfield>
    </datafield>
    <datafield tag="300" ind1="#" ind2="#">
      <subfield code="a">40 hlm. ;</subfield>
      <subfield code="c">30 cm</subfield>
    </datafield>
    <datafield tag="650" ind1="#" ind2="4">
      <subfield code="a">Manajemen Risiko</subfield>
    </datafield>
    <datafield tag="520" ind1="#" ind2="#">
      <subfield code="a">Project leader dihadapkan pada beberapa isu dan permasalahan strategis dalam penyusunan perencanaan daerah terutama dibidang pengawasan, antara lain: keterbatasan jumlah dan kompetensi pengawas, mekanisme/ cara kerja pengawasan dari tahun ke tahun tidak berubah, belum adanya instrument yang dapat memantau kinerja dan keuangan OPD secara efektif dan efisien, fungsi inspektorat selaku third line of defence belum optimal dalam memberikan keyakinan terhadap kepatuhan terhadap peraturan perundang-undangan, data/informasi belum terkelola dengan baik</subfield>
    </datafield>
    <datafield tag="990" ind1="#" ind2="#">
      <subfield code="a">2407155</subfield>
    </datafield>
  </record>
</collection>
